[路線図付き] 流鉄 流山線 駅名穴埋めクイズ - Statistics

General Stats
  • This quiz has been taken 633 times
  • The average score is 4 of 6
Answers on the Map
Answers color-coded by a green-red scale on the quiz's map according to % correct below.
 
Answer Stats
Answer % Correct
流山線 RN6 流山
97%
流山線 RN1 馬橋
90%
流山線 RN2 幸谷
66%
流山線 RN4 鰭ヶ崎
60%
流山線 RN3 小金城趾
59%
流山線 RN5 平和台
56%
No matching quizzes found
Score Distribution
Percent of People with Each Score
Percentile by Number Answered
Your Score History
You have not taken this quiz